Rural England 1996
Αποθηκεύτηκε σε:
| Συγγραφή απο Οργανισμό/Αρχή: | |
|---|---|
| Μορφή: | Βιβλίο |
| Γλώσσα: | English |
| Δημοσίευση: |
London :
The Stationery Office,
1996
|
| Θέματα: | |
| Ετικέτες: |
Προσθήκη ετικέτας
Δεν υπάρχουν, Καταχωρήστε ετικέτα πρώτοι!
|
MARC
| LEADER | 00000nam a2200000 i 4500 | ||
|---|---|---|---|
| 001 | 1/5145 | ||
| 008 | 000602s1996 eng d | ||
| 020 | |a 0-10-134442-2 | ||
| 035 | |l 10061481 | ||
| 040 | |a GR-MY-UA |b gre |e aacr | ||
| 041 | 0 | |a eng | |
| 082 | 0 | |a 307.720942 | |
| 110 | 2 | |a Department of the Environment |b Ministry of Agriculture, Fisheries and Food. | |
| 245 | 1 | 0 | |a Rural England 1996 / |c Department of the Environment, Ministry of Agriculture Fisheries and Food |
| 260 | |a London : |b The Stationery Office, |c 1996 | ||
| 300 | |a 95 p. |b ill. | ||
| 500 | |a Presented to Parliament by the Secretary of State for the Environment and the Minister of Agriculture, Fisheries and Food by Her Majesty October 1996 | ||
| 650 | 0 | 0 | |a Local government |z England. |
| 650 | 0 | 0 | |a Rural development |x Government policy |z England. |
| 650 | 0 | 0 | |a Community development |z England. |
| 852 | |a INST |b LESVOS |e 20000602 |h 307.720942 DEP |p 005100025451 |q 005100025451 |t BK |y 0 | ||
| 901 | |a BIBL1-2000-3 | ||
| 909 | |a Λ |b 080195 | ||
| 922 | |a 1ΕΛΗ |b 200005 |c ΤΑΚ/ΤΓ |d LEADER | ||
| 950 | |a 118-1999-09-20 | ||
| 970 | |a ΤΖΑΦΕΡΗ |b ΕΥΑΓΓΕΛΙΑ |z 2000/11/22 | ||